Mortgage valuation : guidance for valuers. - 1 June 1992 (amended September 1992). (Record no. 90936)

MARC details
000 -LEADER
fixed length control field 01036cam a2200277 4500
001 - CONTROL NUMBER
control field J1017
008 - FIXED-LENGTH DATA ELEMENTS--GENERAL INFORMATION
fixed length control field 090401t1992 xxu||||| |||| 00| 0 eng d
035 ## - SYSTEM CONTROL NUMBER
System control number (Sirsi) u41451
041 ## - LANGUAGE CODE
Language code of text/sound track or separate title eng
050 ## - LIBRARY OF CONGRESS CALL NUMBER
Classification number 333.332
110 ## - MAIN ENTRY--CORPORATE NAME
Corporate name or jurisdiction name as entry element Royal Institution of Chartered Surveyors
9 (RLIN) 4900
245 ## - TITLE STATEMENT
Title Mortgage valuation : guidance for valuers. - 1 June 1992 (amended September 1992).
250 ## - EDITION STATEMENT
Edition statement Revised ed.
260 ## - PUBLICATION, DISTRIBUTION, ETC.
Place of publication, distribution, etc. London
Name of publisher, distributor, etc. RICS Books
Date of publication, distribution, etc. 1992
300 ## - PHYSICAL DESCRIPTION
Extent (8)p. ; 21x10cm.
350 ## - PRICE (NR) (BK AM CF MU VM SE) [OBSOLETE]
Price 0
520 ## - SUMMARY, ETC.
Summary, etc. SUPERSEDED: Replaced by Revised edition 1995. Paragraph 5 of Model Conditions of Engagement has been amended to make provision for the resolution of disputes in Scottish courts where the valuation is of a property in Scotland.
650 ## - SUBJECT ADDED ENTRY--TOPICAL TERM
Topical term or geographic name entry element MODEL CONDITIONS OF ENGAGEMENT
650 ## - SUBJECT ADDED ENTRY--TOPICAL TERM
Topical term or geographic name entry element MORTGAGE VALUATIONS
650 ## - SUBJECT ADDED ENTRY--TOPICAL TERM
Topical term or geographic name entry element RESIDENTIAL PROPERTY
9 (RLIN) 6266
650 ## - SUBJECT ADDED ENTRY--TOPICAL TERM
Topical term or geographic name entry element Valuation
9 (RLIN) 6273
690 ## - LOCAL SUBJECT ADDED ENTRY--TOPICAL TERM (OCLC, RLIN)
Topical term or geographic name as entry element RATING AND VALUATION
710 ## - ADDED ENTRY--CORPORATE NAME
Corporate name or jurisdiction name as entry element Incorporated Society of Valuers and Auctioneers
9 (RLIN) 1201
942 ## - ADDED ENTRY ELEMENTS (KOHA)
Suppress in OPAC 0
948 ## - LOCAL PROCESSING INFORMATION (OCLC); SERIES PART DESIGNATOR (RLIN)
c (OCLC) 04/03/1997
Holdings
Withdrawn status Lost status Source of classification or shelving scheme Damaged status Not for loan Home library Current library Shelving location Date acquired Total Checkouts Full call number Barcode Date last seen Copy number Price effective from Koha item type
    Dewey Decimal Classification     Historic collection Historic collection RICS Boxes 13/11/2012   RICS 1992/99 30037196 06/08/2019 2 06/08/2019 Archive
    Dewey Decimal Classification     London London Reference copy 19/07/1995   RED BOOKS 30046113 12/03/2024 1 06/08/2019 Reference material
    Dewey Decimal Classification     London London RICS Boxes 19/10/1992   RICS 1992/99 30037197 12/03/2024 4 06/08/2019 Book
    Dewey Decimal Classification     London London RICS Boxes 04/12/2012   RICS 1992/99 30078706 06/08/2019 3 06/08/2019 Book